Mathematik Übungsbuch für Ökonomen Aufgaben mit Lösungen

Uložené v:
Podrobná bibliografia
Hlavný autor: Opitz, Otto
Médium: Kniha
Jazyk:German
Vydavateľské údaje: München Oldenbourg 1993
Vydanie:3. verb. Aufl.
Predmet:
Tagy: Pridať tag
Žiadne tagy, Buďte prvý, kto otaguje tento záznam!

MARC

LEADER 00000nam a2200000 4500
001 c010016
005 20221214083607.6
020 |a 3-486-22518-9 
041 0 |a ger 
044 |a DE 
245 1 0 |a Mathematik Übungsbuch für Ökonomen  |b Aufgaben mit Lösungen  |c Otto Opitz 
250 |a 3. verb. Aufl. 
264 1 |a München  |b Oldenbourg  |c 1993 
300 |a 147 s. 
610 2 0 |a matematika 
610 2 0 |a logika 
100 1 |a Opitz, Otto